Guida alla lettura delle opere d'arte Basilica di S. Maria Assunta, Alcamo (Record n. 77083)
[ formato base ]
| 000 -LEADER | |
|---|---|
| fixed length control field | 01944nam a2200277Ia 4500 |
| 001 - CONTROL NUMBER | |
| control field | K0385 |
| 003 - CONTROL NUMBER IDENTIFIER | |
| control field | IT-RoPAU |
| 008 - FIXED-LENGTH DATA ELEMENTS--GENERAL INFORMATION | |
| fixed length control field | 130308s9999 xx 000 0 und d |
| 040 ## - CATALOGING SOURCE | |
| Original cataloging agency | IT-RoPAU |
| 040 ## - CATALOGING SOURCE | |
| Transcribing agency | IT-RoPAU |
| 041 ## - LANGUAGE CODE | |
| Language code of text/sound track or separate title | ITALIANO |
| 100 ## - MAIN ENTRY--PERSONAL NAME | |
| Personal name | Regina Vincenzo |
| 100 ## - MAIN ENTRY--PERSONAL NAME | |
| Miscellaneous information | Codice Aut. SPICS: 60144 |
| 245 ## - TITLE STATEMENT | |
| Title | Guida alla lettura delle opere d'arte Basilica di S. Maria Assunta, Alcamo |
| 245 ## - TITLE STATEMENT | |
| Remainder of title | Guida Alla Lettura delle Opere d'arte Basilica di S. Maria Assunta, Alcamo |
| 250 ## - EDITION STATEMENT | |
| Edition statement | 1a ed. |
| 260 ## - PUBLICATION, DISTRIBUTION, ETC. (IMPRINT) | |
| Name of publisher, distributor, etc. | s.e. (senza Editrice o non identificata) |
| 260 ## - PUBLICATION, DISTRIBUTION, ETC. (IMPRINT) | |
| Date of publication, distribution, etc. | 1999 [1° Ed.:1999 - Ed.Ling.Originale:1999] |
| 300 ## - PHYSICAL DESCRIPTION | |
| Extent | "82 p. (prefazione: no ; testo: 82 [pagine: 0-0])" |
| 500 ## - GENERAL NOTE | |
| General note | "Facciata, Campanile, Cupola. Architettura, scultura , Pittura. Cappelle: Cappella della Madonna di Fatima Sacello di D. Giuseppe Rizzo; Cappella del Ss. Crocifisso; Cappella dei Santi Crispino e Crispiniano; Cappella di S. Lucia; Cappella dei Santi Filippo e Giacomo; Cappella del S. Cuore di Gesu'; Cappella della S. Spina; Cappella del Ss. Sacramento; Abside; Cappella di Maria Santissima dei Miracoli; Cappella di S. Anna; Cappella di S. Pietro; Cappella di S. Francesco D'Assisi; Cappella dei Quattro Santi; Cappella della Madonna di Trapani; Cappella della Madonna del Carmelo; Cappella della Madonna del Lume. Battistero. Illustrazioni in bianco e Nero di Autori vari tra I Quali: Berrettaro; Angelo Italia; Giuseppe Diamante; Guglielmo Borremans; Giovan Leonardo Bagolino; Paolo Borghi; Antonello Gagini; Filippo Paladini; Francesco Minutella; Andrea Porzio; Giuseppe Carrera; Salvatore Raiano; Lorenzo Curti; Giacomo Gagini; Filippo Randazzo; Giovanni Marino; Giuseppe Renda; Olivio Sozzi; Gaspare Balsano. " |
| 650 ## - SUBJECT ADDED ENTRY--TOPICAL TERM | |
| Topical term or geographic name as entry element | SAGGI SULLE ARTI VISIVE |
| 650 ## - SUBJECT ADDED ENTRY--TOPICAL TERM | |
| Relator term | Codice materia Spics: 5011 |
| 942 ## - ADDED ENTRY ELEMENTS (KOHA) | |
| Koha item type | LIBRO |
| 957 ## - | |
| -- | 1 |
| 999 ## - SYSTEM CONTROL NUMBERS (KOHA) | |
| -- | 1 |
| Withdrawn status | Lost status | Damaged status | Not for loan | Home library | Current library | Date acquired | Total Checkouts | Full call number | Date last seen | Price effective from | Koha item type | Public note |
|---|---|---|---|---|---|---|---|---|---|---|---|---|
| Buone Condizioni | Not For Loan | SPICS-MEDIATECA | SPICS-MEDIATECA | 08/03/2013 | K0385 | 08/03/2013 | 08/03/2013 | LIBRO | Progressivo inserimento: 22499 / N. Volumi: 1 Copie: 1 / data import: 1 marzo 2013 - By Epidotti, Trombetti, Vaglietti. |